Trouver les jeux vidéos - Statistiques

Statistiques générales
  • Ce quiz a été pris 1 504 fois
  • Le résultat moyen est 9 sur 15
Statistiques - réponses
Indice Réponse % Correct
Un italien qui saute Mario
99%
Du soccer Fifa
78%
Un Messieur qui court vite Sonic
78%
905 Animaux étranges Pokémon
75%
Des trucs qui s’empilent Tetris
72%
Un piaf qui vole entre Des trucs verts Flappy Bird
69%
Un bonhomme sur une île avec des Animaux qui parlent Animal Crossing
67%
Tu poses deux trucs et tu te téléportes Portal
57%
Des personnes d’univers différentsQui se tabassent Smash Bros
48%
Une chose qui bouffe des pillules Pac man
38%
Il y a 15 jeux officiels de cette série.On peut nommer ce jeu une lettre doublé. Final Fantasy
36%
Le but de ce jeu est de tuerUn truc qui vole dans un autre Monde Minecraft
35%
Des végétaux qui se battent Plant vs zombie
34%
Un gars qui a dormi des années Zelda
33%
Minecraft en 2d :) Terraria
32%
Aucun quiz correspondant
Distribution des résultats
% des personnes avec chaque résultat
Percentile par nombre de réponses
Votre historique - résultats
Vous n’avez pas pris ce quiz